000 00719nam a2200229 a 4500
999 _c2183
_d2183
003 OSt
005 20210707071617.0
008 940318s1994 enka b 001 0 eng
020 _a0750615982
040 _cDLC
050 0 0 _aRJ496
_b.O36 1994
100 1 _aO'Donohoe, Niall V.
245 1 0 _aEpilepsies of childhood /
_cNiall V. O'Donohoe.
250 _a3rd ed.
260 _aOxford ;
_aBoston :
_bButterworth-Heinemann,
_c1994.
300 _aix, 340 p. :
_bill. ;
_c25 cm.
504 _aIncludes bibliographical references and index.
650 0 _aEpilepsy in children.
906 _a7
_bcbc
_corignew
_d2
_encip
_f19
_gy-gencatlg
942 _2lcc
_cBK
_nDO